000 00374 a2200109 4500
001 ART_52977
005 20260410161759.0
008 260409a
245 1 0 _aRepaso de los elementos del tipo penal y otros aspectos relevantes de la evasión tributaria
100 1 _aRobiglio, Carolina L.
773 0 _tDoctrina tributaria
_g- Nº 497 (ago. 2021)
_wREV4296
999 _c20377
_d20377